<?xml version="1.0" encoding="UTF-8"?>
<marc:record xmlns:marc="http://www.loc.gov/MARC21/slim">
   <marc:leader>00000nam a2200000 a 4500</marc:leader>
   <marc:datafield ind1="1" ind2=" " tag="100">
      <marc:subfield code="a">Kavanian, Rick</marc:subfield>
   </marc:datafield>
   <marc:datafield ind1="1" ind2=" " tag="100">
      <marc:subfield code="a">Herbst, Christoph Maria</marc:subfield>
   </marc:datafield>
   <marc:datafield ind1="1" ind2=" " tag="100">
      <marc:subfield code="a">Herbig, Michael "Bully"</marc:subfield>
   </marc:datafield>
   <marc:datafield ind1="1" ind2=" " tag="100">
      <marc:subfield code="a">Niemann, Sebastian</marc:subfield>
   </marc:datafield>
   <marc:datafield ind1="0" ind2="0" tag="245">
      <marc:subfield code="a">Hui Buh und das Hexenschloss [Bildtonträger]</marc:subfield>
   </marc:datafield>
   <marc:datafield ind1="0" ind2="0" tag="245">
      <marc:subfield code="c">Regie : Sebastian Niemann ; Darsteller : Christoph Maria Herbst ; Rick Kavanian...</marc:subfield>
   </marc:datafield>
   <marc:datafield ind1=" " ind2="1" tag="264">
      <marc:subfield code="a">Hamburg</marc:subfield>
      <marc:subfield code="b">Universal Pictures Germany GmbH</marc:subfield>
      <marc:subfield code="c">2023</marc:subfield>
   </marc:datafield>
   <marc:datafield ind1="1" ind2=" " tag="520">
      <marc:subfield code="a">Auch wenn Hui Buh mittlerweile 500 Jahre auf dem Buckel hat, ist er nach wie vor kein Gespenst, das anderen einen gehörigen Schrecken einjagt. Nachdem mal wieder eine seiner Gruselshows nach hinten losgegangen war, scheint er die Hoffnung auf eine Karriere als Schreckgespenst aufgegeben zu haben. Unerwartet wendet sich die kleine Hexe Ophelia an Hui Buh und bittet ihn um Hilfe. Sie ist im Besitz eines sehr wertvollen Zauberbuchs, das unter keinen Umständen in die falschen Hände gelangen darf. Doch die böse Hexe Erla  ist bereits hinter dem mysteriösen Werk her. Also macht sich das Schlossgespenst Hui Buh gemeinsam mit seinem Freund Julius auf den Weg in den sagenumwobenen Hexenwald. Ein Abenteuer, bei dem eine Frage ganz deutlich wird: Wer hat hier eigentlich vor wem Angst?</marc:subfield>
   </marc:datafield>
   <marc:datafield ind1=" " ind2=" " tag="020">
      <marc:subfield code="a">5051890331953</marc:subfield>
      <marc:subfield code="9">5051890331953</marc:subfield>
   </marc:datafield>
   <marc:datafield ind1=" " ind2=" " tag="500">
      <marc:subfield code="a">FSK ab 6 freigegeben. Sprache : Deutsch . Untertitel : Englisch</marc:subfield>
   </marc:datafield>
   <marc:datafield ind1="0" ind2=" " tag="490">
      <marc:subfield code="v">0</marc:subfield>
   </marc:datafield>
   <marc:datafield ind1=" " ind2=" " tag="300">
      <marc:subfield code="a">1 DVD (85 Min.) : farbig</marc:subfield>
   </marc:datafield>
</marc:record>
